<?xml version='1.0' encoding='UTF-8'?>
  <record xmlns="http://www.loc.gov/MARC21/slim">
    <leader>00000ctm a2200000 i 4500</leader>
    <controlfield tag="001">ocn965408363</controlfield>
    <controlfield tag="003">OCoLC</controlfield>
    <controlfield tag="005">20250824050434.8</controlfield>
    <controlfield tag="008">100507q14751500xx            000 0 lat d</controlfield>
    <datafield tag="040" ind1=" " ind2=" ">
      <subfield code="a">QGJ</subfield>
      <subfield code="b">dut</subfield>
      <subfield code="c">QGJ</subfield>
      <subfield code="d">OCLCA</subfield>
      <subfield code="d">OCLCL</subfield>
      <subfield code="d">OCLCQ</subfield>
    </datafield>
    <datafield tag="035" ind1=" " ind2=" ">
      <subfield code="a">(OCoLC)965408363</subfield>
    </datafield>
    <datafield tag="100" ind1="0" ind2=" ">
      <subfield code="a">Johannes Chrysostomus,</subfield>
      <subfield code="d">ca. 345-407.</subfield>
    </datafield>
    <datafield tag="245" ind1="1" ind2="0">
      <subfield code="a">Homiliae VII de laudibus b. Pauli apostoli /</subfield>
      <subfield code="c">Johannes Chrysostomus.</subfield>
      <subfield code="f">UBU Hs. 114.</subfield>
    </datafield>
    <datafield tag="246" ind1="1" ind2=" ">
      <subfield code="a">Bulla de celebratione festi praesentationis Virginis Mariae</subfield>
    </datafield>
    <datafield tag="246" ind1="1" ind2=" ">
      <subfield code="a">Libellus de raptu animae Tondali et ejus visione</subfield>
    </datafield>
    <datafield tag="246" ind1="1" ind2=" ">
      <subfield code="a">Opusculum de disciplina claustralium</subfield>
    </datafield>
    <datafield tag="246" ind1="1" ind2=" ">
      <subfield code="a">Speculum monasticae disciplinae</subfield>
    </datafield>
    <datafield tag="246" ind1="1" ind2=" ">
      <subfield code="a">Sermo de gloriosa virgine et laude ejus</subfield>
    </datafield>
    <datafield tag="260" ind1=" " ind2=" ">
      <subfield code="c">[ca. 1475-1500]</subfield>
    </datafield>
    <datafield tag="300" ind1=" " ind2=" ">
      <subfield code="a">105 fols. (Fol. 81-185) ;</subfield>
      <subfield code="c">208 x 135 (140/150 x 95) mm.</subfield>
    </datafield>
    <datafield tag="336" ind1=" " ind2=" ">
      <subfield code="a">text</subfield>
      <subfield code="b">txt</subfield>
      <subfield code="2">rdacontent</subfield>
    </datafield>
    <datafield tag="337" ind1=" " ind2=" ">
      <subfield code="a">unmediated</subfield>
      <subfield code="b">n</subfield>
      <subfield code="2">rdamedia</subfield>
    </datafield>
    <datafield tag="338" ind1=" " ind2=" ">
      <subfield code="a">volume</subfield>
      <subfield code="b">nc</subfield>
      <subfield code="2">rdacarrier</subfield>
    </datafield>
    <datafield tag="340" ind1=" " ind2=" ">
      <subfield code="a">papier</subfield>
      <subfield code="k">littera hybrida.</subfield>
    </datafield>
    <datafield tag="500" ind1=" " ind2=" ">
      <subfield code="a">Bevat behalve Homiliae VII de laudibus b. Pauli apostoli / Johannes Chrysostomus (fol. 81r-108r) ook: Bullae duae Pauli II Papae de celebratione festi presentationis Virginis Mariae (1464) et Institutio hujus festi per archiepiscopum Moguntinum (1468). Accedunt excerpta et quaestiones de eodem (fol. 109r-131v), Libellus de raptu animae Tondali et ejus visione (fol. 132r-147v), Hugonis Opusculum de disciplina claustralium (sive Speculum monasticae disciplinae) (fol. 148-166v), Sermo sancti Bernardini de gloriosa virgine et laude ejus (fol. 167r-185v).</subfield>
    </datafield>
    <datafield tag="500" ind1=" " ind2=" ">
      <subfield code="a">Onbeschreven: fol. 108bis-108ter, 146bis, 166bis.</subfield>
    </datafield>
    <datafield tag="500" ind1=" " ind2=" ">
      <subfield code="a">Door verschillende kopiisten geschreven.</subfield>
    </datafield>
    <datafield tag="500" ind1=" " ind2=" ">
      <subfield code="a">Datering op grond van watermerken.</subfield>
    </datafield>
    <datafield tag="562" ind1=" " ind2=" ">
      <subfield code="a">ex. Hs 4 J 16: dl 1-2 van het convoluut zijn gedrukte werken (fol. 1-80).</subfield>
      <subfield code="5">NL-UtRU</subfield>
    </datafield>
    <datafield tag="562" ind1=" " ind2=" ">
      <subfield code="a">Binding note: Hs 4 J 16 dl 3.</subfield>
      <subfield code="5">NL-UtRU</subfield>
    </datafield>
    <datafield tag="524" ind1=" " ind2=" ">
      <subfield code="a">Te citeren als: Universiteitsbibliotheek Utrecht Hs. 114.</subfield>
    </datafield>
    <datafield tag="563" ind1=" " ind2=" ">
      <subfield code="a">Contemporaine band, leer over houten platten, blindgestempeld met ruitenpatroon van tripellijnen met in elke ruit een stempel, klampsluiting, klavieren.</subfield>
    </datafield>
    <datafield tag="500" ind1=" " ind2=" ">
      <subfield code="a">Restauratierapport aanwezig.</subfield>
    </datafield>
    <datafield tag="581" ind1=" " ind2=" ">
      <subfield code="a">[P.A. Tiele], Catalogus codicum manu scriptorum Bibliothecae Universitatis Rheno-Trajectinae. I. Trajecti ad Rhenum / Hagae Comitis 1887. p. 32-33.</subfield>
    </datafield>
    <datafield tag="581" ind1=" " ind2=" ">
      <subfield code="a">[A. Hulshof], Catalogus codicum manu scriptorum Bibliothecae Universitatis Rheno-Traiectinae. II. Traiecti ad Rhenum 1909. p. 8.</subfield>
    </datafield>
    <datafield tag="581" ind1=" " ind2=" ">
      <subfield code="a">A.J. de Groot &amp; E.C.C. Coppens, Manuscripta canonistica Latina. Elenchus codicum necnon diplomatum iuris canonici ante a. 1600 in bibliothecis ac archivis neerlandicis. Nijmegen 1989. (= Rechtshistorische reeks van het Gerard Noodt Instituut 14). p. 386 nr. 1414.</subfield>
    </datafield>
    <datafield tag="581" ind1=" " ind2=" ">
      <subfield code="a">R. Goy, Die Überlieferung der Werke Hugos von St. Viktor. Ein Beitrag zur Kommunikationsgeschichte des Mittelalters. Stuttgart 1976. (= Monographien zur Geschichte des Mittelalters 14). p. 363.</subfield>
    </datafield>
    <datafield tag="581" ind1=" " ind2=" ">
      <subfield code="a">J. Gumbert, 'Handschriften in de bibliotheek van het Paulusklooster', in: De nalatenschap van de Paulusabdij in Utrecht. Red. H. van Engen en K. van Vliet. Hilversum 2012, p. [91]-102 (= Middeleeuwse studies en bronnen 130). p. 94.</subfield>
    </datafield>
    <datafield tag="581" ind1=" " ind2=" ">
      <subfield code="a">S. Heyne, Die Mittelalterlichen Handschriften der Universitätsbibliothek Marburg. Wiesbaden 2002. p. 136.</subfield>
    </datafield>
    <datafield tag="581" ind1=" " ind2=" ">
      <subfield code="a">A. Hulshof &amp; M.J. Schretlen, De kunst der oude boekbinders. XVde en XVIde eeuwsche boekbanden in de Utrechtsche Universiteitsbibliotheek. Utrecht 1921. p. 6.</subfield>
    </datafield>
    <datafield tag="581" ind1=" " ind2=" ">
      <subfield code="a">R. Jansen-Sieben, 'Middelnederlandse vakliteratuur', in: Fachprosaforschung. Acht Vorträge zur mittelalterlichen Artesliteratur. Hrsg. von G. Keil &amp; P. Assion. Berlin 1974, p. 24-69. p. 54.</subfield>
    </datafield>
    <datafield tag="581" ind1=" " ind2=" ">
      <subfield code="a">R. Jansen-Sieben, Repertorium van de middelnederlandse artes-literatuur. Utrecht 1989. p. 464 nr. U190.</subfield>
    </datafield>
    <datafield tag="581" ind1=" " ind2=" ">
      <subfield code="a">B. Jaski, 'Een codicologische queeste naar de oudste handschriften en handschriftfragmenten uit de bibliotheek van de Paulusabdij', in: De nalatenschap van de Paulusabdij in Utrecht. Red. H. van Engen &amp; K. van Vliet. Hilversum 2012, p. 103-169 (= Middeleeuwse studies en bronnen 130). p. 115 nt. 54, 122, 153, 164.</subfield>
    </datafield>
    <datafield tag="581" ind1=" " ind2=" ">
      <subfield code="a">N.F. Palmer, 'Visio Tnugdali'. The German and Dutch translations and their circulation in the later Middle Ages. München etc. 1982. (= Münchener Texte und Untersuchungen zur deutshcen Literatur des Mittelalters 76). p. 9 nr. 126.</subfield>
    </datafield>
    <datafield tag="581" ind1=" " ind2=" ">
      <subfield code="a">Chr. van Wijnbergen &amp; H. Zapp, Verzeichnis kanonistischer Handschriften in den Niederlanden). Würzburg 1988. (= Forschungen zur Kirchenrechtswissenschaft 3). p. 257.</subfield>
    </datafield>
    <datafield tag="600" ind1="0" ind2="4">
      <subfield code="a">Adolf</subfield>
      <subfield code="b">II van Nassau,</subfield>
      <subfield code="c">aartsbisschop van Mainz.</subfield>
    </datafield>
    <datafield tag="655" ind1=" " ind2="7">
      <subfield code="a">Handschriften (vorm)</subfield>
      <subfield code="0">(NL-LeOCL)088143309.</subfield>
      <subfield code="2">gtt</subfield>
    </datafield>
    <datafield tag="700" ind1="0" ind2=" ">
      <subfield code="a">Bernardinus Senensis.</subfield>
    </datafield>
    <datafield tag="700" ind1="0" ind2=" ">
      <subfield code="a">Hugo,</subfield>
      <subfield code="c">de Sancto-Victore,</subfield>
      <subfield code="d">ca. 1096-1141.</subfield>
      <subfield code="1">https://id.oclc.org/worldcat/entity/E39PBJv4mb47TBgrjkrx7gQpfq</subfield>
    </datafield>
    <datafield tag="700" ind1="0" ind2=" ">
      <subfield code="a">Paulus</subfield>
      <subfield code="b">II,</subfield>
      <subfield code="c">paus.</subfield>
    </datafield>
    <datafield tag="710" ind1="2" ind2=" ">
      <subfield code="a">Benedictijner-Abdij van S. Paulus (Utrecht)</subfield>
      <subfield code="e">former owner.</subfield>
      <subfield code="4">fmo</subfield>
      <subfield code="5">NL-UtRU</subfield>
    </datafield>
    <datafield tag="740" ind1="0" ind2=" ">
      <subfield code="a">Homiliae septem de laudibus b. Pauli apostoli.</subfield>
    </datafield>
    <datafield tag="856" ind1="4" ind2="1">
      <subfield code="u">http://objects.library.uu.nl/reader/resolver.php?obj=002313150&amp;type=2</subfield>
      <subfield code="x">Online</subfield>
      <subfield code="z">Full Text</subfield>
    </datafield>
    <datafield tag="936" ind1=" " ind2=" ">
      <subfield code="a">BATCHLOAD</subfield>
    </datafield>
  </record>